| 000 | 03990nam a22004577a 4500 | ||
|---|---|---|---|
| 005 | 2010091802302.0 | ||
| 008 | 100915t xxu||||| |||| 00| 0 hin d | ||
| 010 | _aHIN-91985 B-451862-872 | ||
| 020 |
_c125.00 _a8186100431 |
||
| 035 | _aHN-64331 B-451862-872 | ||
| 037 |
_bDBAD / PUB _aके.के.पब्लिकेशंस |
||
| 040 |
_aDPL _bHN |
||
| 082 | _aक | ||
| 100 |
_920178 _aमधुकर सिंह |
||
| 110 | _926418 | ||
| 245 |
_aलहू पुकारे आदमी / _cमधुकर सिंह |
||
| 246 |
_aLahoo pukare aadami _bby madhukar singh |
||
| 260 |
_aइलाहाबाद _bआचार्य.प्रकाशन _c2010 |
||
| 270 |
_a190 बी/10, राजरूपपुर _bइलाहाबाद |
||
| 300 |
_a88 पृ. _c22सेमी (सजिल्द) |
||
| 600 |
_926453 _aलघु कथाएं(हिन्दी) |
||
| 650 |
_91159 _aलघु कथाएँ, हिन्दी |
||
| 650 |
_926117 _aHindi Foction |
||
| 700 | _920179 | ||
| 700 | _920333 | ||
| 700 | _920540 | ||
| 942 |
_2ddc _cHN _mमधुक _hक |
||
| 999 |
_c50940 _d50940 |
||